Представление документа в формате RUSMARC

Поле Инд. ПП Название Значение
Тип записи a
Библиографический уровень a
001 _ Контрольный номер RU/REP/BASE/00005800
005 _ Дата корректировки 20181104132001.1
200 a Заглавие Пенсионная реформа в России 2015 года
f Первые сведения об ответственности Шахбанова Ю.А.
b Общее обозначение материала Текст
210 d Дата издания 2015
461 _0 1 001RU/REP/BASE/00010629
1 2001
a Закон и право
463 1 20002
a №5.
v С. 25-28
1 210
d 2015
610 a Ключевые слова ТРУДОВОЕ ПРАВО РФ, РЕФОРМЫ, ЮВЕНАЛЬНАЯ ЮСТИЦИЯ, НЕСОВЕРШЕННОЛЕТНИЕ, ПЕНСИОННОЕ ОБЕСПЕЧЕНИЕ, ИСТОРИЯ ПРАВА РОССИИ, ПРАВА РЕБЕНКА
700 _1 a Фамилия Шахбанова
b Имя Ю.А.
901 t Тип документа b
w Контрольный № источника 7de6eea509424c6ba70eb1eb97b897de